| 000 -ლიდერი |
| ფიქსირებული სიგრძის საკონტროლო ველი |
02092nam a22002177a 4500 |
| 003 - საკონტროლო ნომრის იდენტიფიკატორი |
| საკონტროლო ველი |
Ge_BSU |
| 005 - ბოლო ოპერაციის თარიღი და დრო |
| საკონტროლო ველი |
20240730134651.0 |
| 008 - ფიქსირებული სიგრძის მონაცემთა ელემენტები - ზოგადი ინფორმაცია |
| ფიქსირებული სიგრძის საკონტროლო ველი |
240730s2023 ge ||||| |||| 00| 0 geo d |
| 020 ## - წიგნის საერთაშორისო სტანდარტული ნომერი |
| International Standard Book Number |
9789941313608 X |
| 041 ## - ენის კოდი |
| Language code of text/sound track or separate title |
geo |
| 080 ## - უნივერსალური ათობითი კლასიფიკაციის ინდექსი |
| Universal Decimal Classification number |
81'374(038) ჩ-43 |
| 245 ## - ცნობა სათაურის შესახებ |
| Title |
ჩემი ჩინური ენის პატარა ილუსტრირებული ლექსიკონი / |
| Statement of responsibility, etc |
შემდგ. იუემეი უ ; ქართული თარგმან. ელისო ელისაშვილი. |
| 264 ## - წარმოების, გამოცემის, დისტრიბუციის და სხვა ცნობები |
| გამოცემის, წარმოების, დისტრიბუციის... ადგილი |
თბილისი : |
| გამოცემის, წარმოების, დისტრიბუციის... სახელწოდება |
ინტელექტი, |
| გამოცემის, წარმოების, დისტრიბუციის... თარიღი |
2023. |
| 300 ## - ფიზიკური აღწერა |
| Extent |
184 გვ.: |
| Other physical details |
ფერად.ფოტ.ილუსტ. |
| Dimensions |
22 სმ. |
| 653 ## - INDEX TERM--UNCONTROLLED |
| Uncontrolled term |
წიგნი ძირითადად გამიზნულია დაწყებითი და საშუალო სკოლის მოსწავლეთათვის.მოიცავს დაწყებითი და საშუალო სკოლისთვის შესაფერის 1400 ფართოდ გავრცელებულ სიტყვას და სიტყვათშეთანხმებას,დახვეწილი ილუსტრაციები 70 რეალურ სიტუაციას ასახავს და სიტყვების შესასწავლად შესაფერის კონტექსტს წარმოადგენს.ორენოვანი პარალელური ტექსტი და ჩინურ-ქართული საძიებელი მოსახერხებელს ხდის სწავლას და ინფორმაციის ძიებას. |
| 653 ## - INDEX TERM--UNCONTROLLED |
| Uncontrolled term |
ჩინური ენის ლექსიკონი |
| 700 ## - ADDED ENTRY--PERSONAL NAME |
| Personal name |
იუემეი, უ |
| Relator term |
შემდგენელი |
| 9 (RLIN) |
23008 |
| 700 ## - ADDED ENTRY--PERSONAL NAME |
| Personal name |
ელისაშვილი, ელისო |
| Relator term |
მთარგმნელი |
| 9 (RLIN) |
23009 |
| 773 ## - HOST ITEM ENTRY |
| Title |
ნაჩუქარი |
| 942 ## - ADDED ENTRY ELEMENTS (KOHA) |
| Source of classification or shelving scheme |
|
| Koha item type |
წიგნი |